000 00197nam a2200073Ia 4500
008 170620s9999 xx 000 0 und d
100 _aRawat- M. S. (Hindi)
245 0 _aGanit Shikshan (Hindi)
260 _bAgra- Vinod Pustak Mandir
999 _c23640
_d23640